Etude sur la vie et le règne de Louis \RVIII\R (1187-1226) / (Record no. 161994)

MARC details
000 -LEADER
campo de control de longitud fija 00953nam a22002175i 4500
001 - NÚMERO DE CONTROL
campo de control 161994
003 - IDENTIFICADOR DE NÚMERO DE CONTROL
campo de control ES-MaACL
005 - FECHA Y HORA DE LA ÚLTIMA TRANSACCIÓN
campo de control 20250808060216.0
008 - DATOS DE LONGITUD FIJA--INFORMACIÓN GENERAL
campo de control de longitud fija 041027s1894 fr |||| | fre d
040 ## - FUENTE DE CATALOGACIÓN
Centro catalogador/agencia de origen CAM
Lengua de catalogación spa
Centro/agencia transcriptor CAM
100 1# - ENTRADA PRINCIPAL--NOMBRE DE PERSONA
Nombre de persona Petit-Dutaillis, Charles.
9 (RLIN) 91516
245 10 - MENCIÓN DEL TÍTULO
Título Etude sur la vie et le règne de Louis \RVIII\R (1187-1226) /
Mención de responsabilidad, etc. par Ch. Petit-Dutaillis.
260 ## - PUBLICACIÓN, DISTRIBUCIÓN, ETC.
Lugar de publicación, distribución, etc. Paris :
Nombre del editor, distribuidor, etc. Librairie Emile Bouillon, éditeur,
Fecha de publicación, distribución, etc. 1894 (
Lugar de fabricación/manufactura Chartres :
Fabricante Imprimerie Durand)
300 ## - DESCRIPCIÓN FÍSICA
Extensión XLIV, 568 p. ;
Dimensiones 24 cm.
490 1# - MENCIÓN DE SERIE
Mención de serie Bibliothèque de l'Ecole des Hautes Etudes. Sciences philologiques et historiques ;
Designación de volumen o secuencia 101
600 04 - PUNTO DE ACCESO ADICIONAL DE MATERIA--NOMBRE DE PERSONA
Nombre de persona Luis
Numeración ,VIII
Títulos y otros términos asociados al nombre Rey de Francia-
Subdivisión general Biografías.
9 (RLIN) 129134
651 #7 - PUNTO DE ACCESO ADICIONAL DE MATERIA--NOMBRE GEOGRÁFICO
Nombre geográfico Francia-
Subdivisión general Historia-
Subdivisión cronológica 1223-1226, Luis VIII
Fuente del encabezamiento o término
9 (RLIN) 156518
830 00 - PUNTO DE ACCESO ADICIONAL DE SERIE-TÍTULO UNIFORME
Título uniforme Bibliothèque de l'École des Hautes Études. Sciences historiques et philologiques
Designación de volumen o secuencia 101
9 (RLIN) 229685
852 ## - LOCALIZACIÓN
Ubicación ES-MaACL
Número de control de estantería C-7621
Nota libre -- Enc. hol.
Holdings
Estatus retirado Estado de pérdida Estado de daño No para préstamo Colección Biblioteca de origen Biblioteca actual Ubicación en estantería Fecha de adquisición Fuente de adquisición Total de préstamos Signatura topográfica completa Código de barras Visto por última vez Precio de reemplazo Tipo de ítem Koha
        Libros del s. XIX Biblioteca del Ateneo de Madrid Biblioteca del Ateneo de Madrid Sala Palomar 17/01/2008     C-7621 1169694 23/02/2023 23/02/2023 Libro impreso antiguo